000 00342nam a2200133Ia 4500
005 20260328104337.0
008 260328s9999||||xx |||||||||||||| ||und||
100 _aKaira Looro
245 0 _aKaira Looro Architecture Competition :
_b Primary School /
_cKaira Looro
260 _bKindle
300 _a381 p.
650 _aESCUELAS
942 _cBK
999 _c11944
_d11944